[Event "GBR-ch"]
[Site "Scarborough"]
[Date "2001.08.07"]
[Round "8"]
[White "Chandler, Murray"]
[Black "Gallagher, Joseph G"]
[Result "0-1"]
[WhiteElo "2540"]
[BlackElo "2516"]
[Annotator "Martin,A"]
[PlyCount "98"]
[EventDate "2001.07.30"]

1. e4 {Notes by IM Andrew Martin} 1... c5 2. Nf3 d6 3. Bb5+ Nd7 4. d4 Ngf6 5.
Nc3 cxd4 6. Qxd4 e5 7. Qd3 h6 8. Be3 Be7 9. Bc4 a6 10. a4 Qc7 ({RR} 10... O-O
11. O-O Qc7 12. a5 Nc5 13. Bxc5 Qxc5 14. Nd5 Nxd5 15. Bxd5 Be6 16. Bxe6 fxe6
17. Qb3 Qc8 18. Rfd1 Rf6 19. Ra4 Qc6 20. Rc4 Qb5 21. Rb4 Qxa5 22. Rxb7 Bf8 23.
Qc4 Re8 24. h3 Rf7 25. Qc6 {
Antonio,R-Chiong,L/Quezon City 1999/CBM 70 ext/1-0 (51)}) 11. O-O Nc5 12. Bxc5
Qxc5 {Gallagher has played the opening very accurately.} 13. Rab1 $146 ({RR} 
13. Nd5 Nxd5 14. Bxd5 O-O 15. Ra3 Rb8 16. Rd1 Kh8 17. Rc3 Qa5 18. Qc4 f5 19. b4
Qxa4 20. Qc7 Bd7 21. Bb3 Qb5 22. Bc4 Qxb4 23. Rb3 Qa4 24. Rxb7 Rxb7 25. Qxb7
Qxc2 26. Re1 Qxc4 27. Qxd7 Bf6 {
Yudasin,L-Kozul,Z/Pula 1997/CBM 57 ext/[Har Zvi]/0-1 (37)}) 13... Be6 14. Nd2
Rc8 15. Bxe6 fxe6 16. Qh3 Kf7 17. Nb3 Qc7 18. Kh1 g5 19. Rbd1 h5 20. Qd3 Qb6
21. Qe2 Qb4 22. Rd3 b5 23. axb5 axb5 24. h4 g4 25. f4 Qc4 26. Nd2 Qc5 27. f5 b4
28. fxe6+ Kxe6 29. Nd5 Nxd5 30. exd5+ Kd7 31. c3 Rhf8 32. Ne4 Qc4 33. Ra1 bxc3
34. bxc3 Ra8 35. Rb1 Ra2 36. Qe3 Rf4 37. Ng3 Qa6 38. Nxh5 Ra1 39. Rxa1 Qxa1+
40. Kh2 g3+ 41. Kxg3 Bxh4+ 42. Kh2 Bf2 43. Qxf4 exf4 44. Nxf4 Qg1+ 45. Kh3 Be3
46. Ne2 Qh1+ 47. Kg3 Qe1+ 48. Kf3 Qf2+ 49. Ke4 Bh6 0-1

[Event "GBR-ch"]
[Site "Scarborough"]
[Date "2001.08.07"]
[Round "8"]
[White "Hebden, Mark"]
[Black "Lalic, Bogdan"]
[Result "1/2-1/2"]
[WhiteElo "2550"]
[BlackElo "2528"]
[Annotator "Martin,A"]
[PlyCount "48"]
[EventDate "2001.07.30"]

1. d4 {Notes by IM Andrew Martin} 1... Nf6 2. Nf3 g6 3. Nc3 d5 4. Bf4 Bg7 5. e3
O-O 6. Be2 c5 7. Ne5 Nc6 8. O-O Bf5 ({
Simon Knott demonstrated to a packed house that} 8... Nd7 {
also gives excellent chances.}) 9. Na4 cxd4 10. Nxc6 bxc6 11. exd4 Nd7 12. c3
Re8 13. Re1 e5 14. Be3 h6 $146 ({RR} 14... Rb8 15. b4 a5 16. a3 h6 17. Qd2 g5
18. dxe5 Nxe5 19. Bd4 axb4 20. axb4 Nd7 21. Bxg7 Kxg7 22. Bf1 Qf6 23. Rxe8 Rxe8
24. Nb2 Qe5 25. f3 c5 26. Rd1 cxb4 27. cxb4 Nf6 28. Na4 Qe3+ 29. Qxe3 {
Hebden,M-Knott,S/Scarborough 1999/CBM 71 ext/1/2-1/2 (48)}) 15. Rc1 g5 16. dxe5
Bxe5 17. Bg4 Qf6 18. h3 Re6 19. Rf1 Bxg4 20. hxg4 Bf4 21. c4 Bxe3 22. fxe3 Qe5
23. cxd5 cxd5 24. Rc3 Rf6 {The Barry Attack looks redundant.} 1/2-1/2

[Event "GBR-ch"]
[Site "Scarborough"]
[Date "2001.08.07"]
[Round "8"]
[White "Miles, Tony"]
[Black "Lane, Gary"]
[Result "0-1"]
[WhiteElo "2565"]
[BlackElo "2456"]
[Annotator "Martin,A"]
[PlyCount "88"]
[EventDate "2001.07.30"]

1. d4 {Notes by IM Andrew Martin} 1... Nf6 2. Nf3 g6 3. c3 Bg7 4. Bg5 O-O 5.
Nbd2 d6 6. e4 c5 7. d5 h6 8. Bh4 e6 9. dxe6 Bxe6 10. Bc4 d5 11. exd5 Bxd5 12.
O-O Nc6 13. Qc2 Bxc4 $146 ({RR} 13... Na5 14. Bxd5 Qxd5 15. Rad1 Qc6 16. Ne5
Qc7 17. Ndc4 Nxc4 18. Nxc4 Qf4 19. Bxf6 Qxc4 20. Bxg7 {
1/2-1/2 Miles,A-Atalik,S/Szeged 1997/CBM 62 (20)}) 14. Nxc4 b5 15. Rad1 Qc8 16.
Ne3 Re8 17. a4 b4 18. Nd2 bxc3 19. bxc3 Qe6 20. Rfe1 Nd5 21. Nxd5 Qxd5 22. Ne4
Qc4 $11 {Lane handles the quiet approach confidently and accurately,going on
to outplay Miles. } 23. f3 f5 24. Nd6 Rxe1+ 25. Bxe1 Qe6 26. Bf2 Rd8 27.
Nb5 a6 28. Nc7 Qc4 29. Rxd8+ Nxd8 30. h4 Be5 31. Na8 Ne6 32. Be1 Qf4 33. Kf1
Qh2 34. Qb3 Qh1+ 35. Ke2 Qxg2+ 36. Bf2 Kf7 37. Qb7+ Kf6 38. Nb6 Nf4+ 39. Ke3
Bd4+ $1 40. cxd4 cxd4+ 41. Kxd4 Qxf2+ 42. Kc4 Qc2+ 43. Kb4 Nd3+ 44. Ka5
Qd2+ 0-1

[Event "GBR-ch"]
[Site "Scarborough"]
[Date "2001.08.07"]
[Round "8"]
[White "Ward, Chris G"]
[Black "Palliser, Richard JD"]
[Result "1-0"]
[WhiteElo "2493"]
[BlackElo "2337"]
[Annotator "Martin,A"]
[PlyCount "65"]
[EventDate "2001.07.30"]

1. d4 {Notes by IM Andrew Martin} 1... Nf6 2. c4 Nc6 3. Nf3 e6 4. Nc3 Bb4 5.
Qc2 d6 6. Bd2 O-O 7. a3 Bxc3 8. Bxc3 Qe7 9. e4 ({RR} 9. g3 e5 10. d5 Nd8 11.
Bg2 Bg4 12. Nh4 c6 13. O-O cxd5 14. cxd5 Qd7 15. f4 Qb5 16. e4 Be2 17. Rfe1 Bd3
18. Qd2 Re8 19. Kh1 g6 20. a4 Qa6 21. b3 Rc8 22. Bf3 Nd7 23. Rad1 Nc5 24. fxe5
b5 25. Bd4 bxa4 26. Bxc5 {
1-0 Gurevich,M-Timman,J/Rotterdam 1990/CBM 18/[Ftacnik] (26)}) ({RR} 9. b4 e5
10. dxe5 Nxe5 11. Nxe5 dxe5 12. e3 b6 13. Bd3 Bb7 14. O-O Rfe8 15. Rfe1 Qe6 16.
f4 exf4 17. exf4 Qc6 18. Be5 a5 19. Rad1 axb4 20. axb4 h6 21. h3 Re7 22. Re3
Kf8 23. Qe2 Rd8 24. Kh2 Qa4 25. b5 Ng8 26. Re1 Qb4 27. Qg4 f6 28. Ba1 {
1-0 Lesiege,A-Sulava,N/Gonfreville 1999/CBM 70 ext (28)}) 9... e5 10. d5 Nb8
11. Be2 $146 ({RR} 11. g3 a5 12. b3 c6 13. Nd2 Qc7 14. Bg2 cxd5 15. exd5 b5 16.
O-O Ba6 17. cxb5 Bxb5 18. Rfc1 Rc8 19. a4 Ba6 20. Qb2 Qd8 21. b4 Nbd7 22. bxa5
Nc5 23. Qa3 Nd3 24. Rc2 Qd7 25. Nf1 Qa7 26. h3 Rc5 27. Ne3 Rac8 28. Raa2 h5 29.
Bf3 h4 30. gxh4 Nf4 31. Be1 Nxh3+ 32. Kh2 Rxc2 33. Rxc2 Rxc2 34. Nxc2 Nxf2 35.
Qxd6 N2g4+ 36. Kg2 Bd3 37. Qb6 Qd7 38. Nb4 e4 39. Bd1 Qf5 40. Nxd3 exd3 41. Qd4
Ne5 42. Bg3 Ned7 43. Bf3 d2 44. Qxd2 Ne4 45. Qf4 Nxg3 {
Jakobsen,O-Djuric,S/Gausdal 1989/EXT 97/1-0 (65)}) 11... a5 12. c5 Nbd7 13.
cxd6 cxd6 14. Nd2 Nc5 15. b4 axb4 16. axb4 Rxa1+ 17. Bxa1 Na6 18. Qb1 Bd7 19.
O-O Rc8 20. Nc4 Be8 21. f4 b5 22. fxe5 bxc4 23. exf6 Qa7+ 24. Kh1 Qe3 25. Re1
c3 {Despite an impending time shortage, Chris Ward handles the complications
very accurately. } 26. Qc1 Qxc1 27. Rxc1 Nxb4 28. Rxc3 Rb8 29. h3 Na2 30. Ra3
Rb1+ 31. Kh2 Rxa1 32. Ra8 Kf8 33. Rxe8+ 1-0

[Event "GBR-ch"]
[Site "Scarborough"]
[Date "2001.08.07"]
[Round "8"]
[White "Arkell, Keith C"]
[Black "Turner, Matthew J"]
[Result "1-0"]
[WhiteElo "2431"]
[BlackElo "2511"]
[Annotator "Martin,A"]
[PlyCount "85"]
[EventDate "2001.07.30"]

1. d4 {Notes by IM Andrew Martin} 1... d5 2. c4 c6 3. Nf3 Nf6 4. Nc3 dxc4 5. a4
Bf5 6. Nh4 Be6 7. e4 g6 8. Nf3 Bg7 ({RR} 8... h6 9. Ne5 Bg7 10. Nxc4 O-O 11. f3
Ne8 12. Be3 Nd6 13. Nxd6 exd6 14. Be2 Na6 15. O-O Nc7 16. Qd2 Kh7 17. b4 {
1/2-1/2 Bekker Jensen,S-Mueller,K/Hamburg 1999/CBM 72 (17)}) 9. Ng5 Qd7 ({RR} 
9... Bg4 10. f3 Bc8 11. Bxc4 O-O 12. Qb3 e6 13. Be3 b6 14. O-O Qe7 15. Rad1
Nbd7 16. e5 Nd5 17. Bc1 a6 18. Nge4 b5 19. Be2 h6 20. Nd6 Rb8 21. f4 f5 22.
Nxd5 cxd5 23. axb5 axb5 24. Bxb5 Ba6 25. Qa4 Bxb5 26. Nxb5 Nb6 27. Qa2 Qb4 28.
Nc7 Qe7 29. Nb5 Qb4 30. Nd6 Na4 31. Rf2 Rfd8 32. Rc2 {
1/2-1/2 Arkell,K-Kreiman,B/New Castle on Tyne 1998/EXT 2000 (32)}) 10. Nxe6
$146 ({RR} 10. e5 Nd5 11. Nce4 Bf5 12. Nc5 Qc8 13. Bxc4 h6 14. Nf3 b6 15. Nd3
Be6 16. O-O O-O 17. Bd2 Qb7 18. Rc1 Nd7 19. Nf4 Nxf4 20. Bxf4 Bxc4 21. Rxc4 e6
22. Qc1 g5 23. Be3 Rfc8 24. h4 g4 25. Bxh6 Bxh6 26. Qxh6 gxf3 27. Rc3 Nf8 28.
Rxf3 Qe7 29. h5 Qh4 30. Rh3 Qe4 31. Rg3+ Ng6 32. hxg6 Qf5 {
1-0 Lehtivaara,P-Bokelmann,J/Gausdal 1998/EXT 99 (32)}) 10... Qxe6 11. Qe2 Na6
12. Qxc4 Qxc4 13. Bxc4 Nb4 14. Bb3 Ng4 15. f3 Nh6 16. Ke2 Rd8 17. Rd1 f5 18.
Be3 fxe4 19. fxe4 Ng4 20. Bg1 Rf8 21. a5 Na6 22. d5 c5 23. h3 Ne5 24. Rf1 Rf6
25. Ba4+ Kf7 26. Bb5 Rc8 27. Bxa6 bxa6 28. Na4 Nc4 29. Kd3 Ne5+ 30. Ke2 Nc4 31.
Nxc5 Nxb2 32. Rfc1 Rf4 33. Be3 Rh4 34. Bf2 Rh5 35. Ne6 Rc4 36. Rxc4 Nxc4 37.
Nxg7 Kxg7 38. Rc1 Nd6 39. Rc7 Kf8 40. Kf3 g5 41. Rxa7 Rh6 42. e5 Nc4 43. Ke4 {
 Keith Arkell's excellent technique was on full view. A very good game.} 1-0

[Event "GBR-ch"]
[Site "Scarborough"]
[Date "2001.08.07"]
[Round "8"]
[White "Williams, Simon K"]
[Black "Gormally, Daniel"]
[Result "0-1"]
[WhiteElo "2369"]
[BlackElo "2481"]
[Annotator "Martin,A (game of the day)"]
[PlyCount "75"]
[EventDate "2001.07.30"]

1. c4 {Notes by IM Andrew Martin} 1... Nf6 2. Nc3 e5 3. Nf3 Nc6 4. d4 exd4 5.
Nxd4 Bb4 6. Bg5 O-O {A sharp choice, allowing the possibilty of Rc1,when
the White pawn structure stays intact. Instead :} (6... Bxc3+ 7. bxc3 h6 8. Bh4
Ne5 ({RR} 8... Ne5 9. e4 ({RR} 9. e3 Ng6 ({RR} 9... O-O 10. Be2 Ng6 11. Bg3 Ne4
12. Qc2 Re8 13. O-O d6 14. Rab1 c5 15. Nf3 b6 16. Nd2 Nxg3 17. hxg3 Bb7 18. Bf3
Bxf3 19. Nxf3 Qf6 20. Rbd1 Qe6 21. Rd2 Red8 22. Rfd1 Rac8 23. Qd3 Rc7 24. Qd5 {
Hanauer,M-Reshevsky,S/New York 1936/EXT 99/0-1 (65)}) 10. Bg3 Ne4 11. Qc2 Nxg3
12. hxg3 d6 13. Be2 Ne5 14. Rd1 Qe7 15. Qe4 a6 16. Rh5 Nd7 17. Qf4 Nf6 18. Ra5
Bd7 19. g4 Ne4 20. Bf3 Nc5 21. Nb3 Ne6 22. Qe4 Rb8 23. c5 Bc6 24. cxd6 Bxe4 25.
dxe7 Bxf3 26. gxf3 Kxe7 {
1/2-1/2 Levenfish,G-Botvinnik,M/Leningrad 1934/HCL (26)}) 9... Ng6 10. Bg3 d6
11. Bd3 O-O 12. O-O Re8 13. Re1 Bd7 14. f4 Nf8 15. Rb1 Rb8 16. f5 Bc6 17. Nxc6
bxc6 18. Qa4 N8d7 19. Qxa7 Ra8 20. Qf2 Nc5 21. Qc2 Nfd7 22. Bf1 Ra5 23. Rbd1 {
Horvath,I-Ruck,R/HUN 1993/TD/0-1 (39)})) 7. Rc1 h6 8. Bh4 Nxd4 $146 ({RR} 8...
Re8 9. e3 Nxd4 10. Qxd4 c5 11. Qd1 g5 12. Bg3 d5 13. cxd5 Qxd5 14. Qxd5 Nxd5
15. Bb5 Rd8 16. h4 g4 17. Ke2 Nxc3+ 18. bxc3 Ba5 19. Bc4 Bd7 20. h5 Kg7 21. e4
Re8 22. f3 Bc6 23. Rhd1 {
Yermolinsky,A-Rublevsky,S/Las Vegas 1999/CBM 72/[Ribli]/1/2-1/2 (44)}) 9. Qxd4
$146 g5 10. Bg3 c5 {
This is very uncompromising. White's reply is no less combative.} 11. Qd6 $1 {
Not the only move but Williams likes to fight.} (11. Qd3 d5 (11... Re8 12. e3
Ne4 13. Be2 Bxc3+ 14. bxc3 b6 15. O-O Bb7 $13) 12. cxd5 Qxd5 13. Qxd5 Nxd5 14.
h4 $14) 11... Re8 12. f3 (12. h4 Re6 13. Qd3 (13. Qc7 Qxc7 14. Bxc7 g4 15. a3
Bxc3+ 16. Rxc3 d6 (16... b6 $1 $13) 17. Rd3 Ne8 18. Ba5) 13... Ne4 $36) 12...
Re6 13. Qd2 {A very straightforward idea. White prepares e4 and possibly h4 as
circumstances dictate.} 13... b5 $5 (13... Nh5 14. Bf2) 14. e4 {At each stage
Williams had to calculate whether h2-h4 was good. Here,14 h4 certainly appears
possible.} (14. h4 Nh5 15. Bf2 g4 16. fxg4 Nf6 17. Qxh6 Nxg4 18. Qf4 $13) 14...
bxc4 15. Bxc4 Nxe4 $1 { A thunderbolt which would stun a lesser
fighter. To Williams this is just upping the ante. The sacrifice is good,
sound. White must use all his ingenuity to reach a playable game.} 16. fxe4
Rxe4+ 17. Be2 Ba6 18. O-O (18. Nxe4 {
brings only a temporary advantage in material.} 18... Bxd2+ 19. Nxd2 (19. Kxd2
Bxe2 20. Kxe2 Qe7 21. Kd3 c4+ $3 $17) 19... Qe7 20. Nc4 d5 $19) 18... Rxe2 19.
Qd5 Re6 20. Ne4 $5 Bxf1 21. Rxf1 c4 22. Be5 {The thing is that White has
assumed the initiative but at a very heavy cost. Pressure certainly exists on
the Black King , however Gormally uses his extra material to plug the holes.
#i} 22... Be7 23. Kh1 Rc8 24. Bc3 Rcc6 $1 $19 {
 Fine defense . White runs out of tricks.} 25. Qd4 f6 26. Qd5 Kh8 27. h4 Qe8
28. hxg5 hxg5 29. Rf3 {
 Hoping for Nxg5} 29... Qg6 30. Nxg5 Bd6 {
Maybe he couldn't fully calcluate the complications after} (30... Qb1+ {eg} 31.
Kh2 Bd6+ 32. g3 Re2+ 33. Kh3 Qh1+ 34. Kg4 Bxg3 35. Rxf6 Qh4+ 36. Kf5 Rf2+ 37.
Kg6 Rfxf6+ 38. Bxf6+ Rxf6+ 39. Kxf6 $13 {Instead Gormally continues
practically,sticking to a relatively safer continuation.}) 31. Ne4 Kg7 32. Rxf6
Rxf6 33. Bxf6+ Kf8 $19 34. Bh4 Qf7 35. Qd1 Qf4 36. Bg3 Qh6+ 37. Kg1 Qe3+ 38.
Kh1 {Simon Williams has got a very raw deal out of the Game of the Day. But he
has consistently been playing some of the most interesting chess of the
tournament. Gormally didn't back down either and this furious game was the
result.} 0-1

[Event "GBR-ch"]
[Site "Scarborough"]
[Date "2001.08.08"]
[Round "9"]
[White "Lalic, Bogdan"]
[Black "Hodgson, Julian M"]
[Result "1/2-1/2"]
[WhiteElo "2528"]
[BlackElo "2581"]
[Annotator "Martin,A"]
[PlyCount "63"]
[EventDate "2001.07.30"]

1. d4 {Notes by IM Andrew Martin} 1... d5 2. c4 c6 3. Nc3 Nf6 4. Nf3 a6 5. a4
Bg4 ({RR} 5... Bf5 6. g3 e6 7. Bg2 h6 8. Qb3 Ra7 9. a5 Nbd7 10. O-O Bd6 11. Nd2
Bc7 12. Qa3 Qe7 13. b4 Bd6 14. c5 Bc7 15. Bb2 O-O 16. Rae1 Re8 17. f3 e5 18. e4
exd4 19. exf5 Qxe1 20. Rxe1 {
Beliavsky,A-Volkov,S/Belgrade 1998/EXT 2000/1/2-1/2 (47)}) ({RR} 5... Nbd7 6.
e3 Ne4 7. Nxe4 dxe4 8. Nd2 f5 9. Be2 e5 10. O-O exd4 11. exd4 Nf6 12. Nb3 Be6
13. Bf4 b6 14. Qc2 Bd6 15. Bxd6 Qxd6 16. Rfc1 O-O 17. c5 Qd5 18. Bc4 Qxc4 19.
Qxc4 Bxc4 20. Rxc4 {Kosek,J-Ambroz,A/CZE 1999/EXT 2000/0-1 (55)}) 6. Qb3 $146 (
{RR} 6. Ne5 Bh5 ({RR} 6... e6 7. Nxg4 Nxg4 8. e4 Nf6 9. e5 Nfd7 10. Be3 b6 11.
Be2 Bb4 12. O-O O-O 13. Bd3 Re8 14. Qh5 Nf8 15. Qg4 Nbd7 16. cxd5 cxd5 17. Qe2
Qc8 18. Rac1 Qb7 19. Rc2 Rec8 20. Rfc1 Bxc3 21. Rxc3 Rxc3 22. Rxc3 a5 23. Qc2
Rd8 24. Rc7 Qa8 25. Bb5 Nb8 26. Bg5 {
1-0 Solmajer,L-Klavcic,K/SLO-ch U18 1994/EXT 98 (26)}) 7. Qb3 Ra7 8. Bf4 e6 9.
e3 Be7 10. h3 O-O 11. Bd3 a5 12. O-O Nbd7 13. cxd5 exd5 14. Ne2 Nxe5 15. dxe5
Nd7 16. Qc2 Bg6 17. Bxg6 fxg6 18. e4 Nc5 19. Be3 b6 20. Rad1 Rd7 21. exd5 Rxd5
22. Nf4 Rxd1 23. Rxd1 Qe8 24. Nd3 Nxd3 25. Rxd3 Bb4 26. Qb3+ Kh8 27. e6 Rf6 28.
Bxb6 Rxe6 29. Rd8 {1-0 Mirzoev,A-Garakhanbeyli,R/Baku 1998/EXT 2000 (29)}) ({RR
} 6. e3 e6 7. Be2 Nbd7 8. cxd5 exd5 9. O-O Bd6 10. Qc2 O-O 11. h3 Bh5 12. e4
dxe4 13. Ng5 Bg6 14. Ngxe4 Nxe4 15. Nxe4 Nf6 16. Bd3 Nxe4 17. Bxe4 Bxe4 18.
Qxe4 Re8 19. Qc2 Bc7 20. Be3 Qd6 21. g3 Qd5 22. Ra3 Bd6 23. Rb3 Re7 24. Rd3
Rae8 25. Qd2 a5 26. Kh2 Re6 27. b3 Rg6 28. Bf4 Bb4 29. Qd1 h5 30. Qf3 Re4 31.
Rfd1 h4 32. Re3 hxg3+ 33. Bxg3 Rge6 34. Be5 Rxe3 35. Qxd5 cxd5 36. fxe3 f6 37.
Bf4 g5 38. Rg1 Kf7 39. Bc7 Rxe3 40. Rg3 Re4 {
Schnabel,J-Goeslbauer,H/Graz 1996/EXT 98/0-1 (54)}) 6... Ra7 7. Ne5 dxc4 8.
Nxc4 b5 9. axb5 cxb5 10. Ne5 Be6 11. Qd1 Bd7 12. g3 b4 13. Na4 Bb5 14. Bg2 e6
15. O-O Be7 16. Re1 O-O 17. e4 Nc6 18. Be3 Nxe5 19. dxe5 Rd7 20. Qf3 {
 Bogdan misses a golden opportunity eg} (20. exf6 Rxd1 21. Rexd1 Bd6 22. fxg7
Kxg7 (22... Re8 23. e5 Bxa4 24. Rxd6 Qa5 25. f4 $3 b3 26. Rd4 $18) 23. Bf4 Bxa4
24. Rxd6 Qe8 25. Rxa6 Bb5 26. Rb6 Qd7 27. Bd6 $16 ) 20... Ne8 21. Nc5 Rc7
22. Nxa6 Rc6 23. Bf1 Bxf1 24. Rxf1 Qc8 25. Qe2 Nc7 26. Nxc7 Rxc7 27. Rfc1 Bc5
28. Bxc5 Rxc5 29. Qe3 Rc2 30. Rxc2 Qxc2 31. Qd4 b3 32. Ra7 1/2-1/2

[Event "GBR-ch"]
[Site "Scarborough"]
[Date "2001.08.08"]
[Round "9"]
[White "Emms, John M"]
[Black "Arkell, Keith C"]
[Result "1/2-1/2"]
[WhiteElo "2532"]
[BlackElo "2431"]
[Annotator "Martin,A"]
[PlyCount "89"]
[EventDate "2001.07.30"]

1. e4 {Notes by IM Andrew Martin} 1... c6 2. d4 d5 3. Nd2 g6 4. c3 Bg7 5. Ngf3
dxe4 6. Nxe4 Nd7 7. Bc4 Ngf6 8. Nxf6+ Nxf6 9. O-O O-O 10. Re1 Bg4 11. Bg5 $146
({RR} 11. h3 Bxf3 12. Qxf3 h6 13. Bf4 e6 14. Be5 Nd5 15. Rad1 a5 16. a4 Nb6 17.
Bb3 Nd7 18. Bxg7 Kxg7 19. Qg3 Qb6 20. Bc4 Qd8 21. Bd3 Qb8 22. Qf3 Qd6 23. h4
Rae8 24. Bc2 Qc7 25. Rb1 Re7 {
Talla,V-Knazovcik,L/CSR-ch U18 1990/EXT 97/0-1 (66)}) 11... Qc7 12. h3 Bxf3 13.
Qxf3 Rfe8 14. Re2 Rad8 15. Rae1 Rd7 16. Re5 Rf8 17. R5e2 Re8 18. h4 Nd5 19. h5
b5 20. Bb3 e6 21. hxg6 hxg6 22. Re4 Qd6 23. Qh3 Rc8 24. Qh4 c5 $1 {
Only Arkell can claw his way back into the game like this. A unique style ! }
25. dxc5 Rxc5 26. Rd1 Qc6 27. Ree1 a5 28. a3 Qb7 29. Rd3 Nf4 30. Rg3 a4 31. Ba2
Nh5 32. Rge3 Rf5 33. Bb1 Rc5 34. Ba2 Qc7 35. Re4 Re5 36. g3 Rxe4 37. Qxe4 Nf6
38. Qa8+ Qd8 39. Qf3 Rd3 40. Qe2 Qd7 41. Be3 Rd6 42. Bf4 Rd3 43. Be3 Rd6 44.
Bf4 Rd3 45. Be3 1/2-1/2

[Event "GBR-ch"]
[Site "Scarborough"]
[Date "2001.08.08"]
[Round "9"]
[White "Lane, Gary"]
[Black "Wells, Peter"]
[Result "0-1"]
[WhiteElo "2456"]
[BlackElo "2510"]
[Annotator "Martin,A"]
[PlyCount "78"]
[EventDate "2001.07.30"]

1. e4 {Notes by IM Andrew Martin} 1... c5 2. Nf3 Nc6 3. c3 Nf6 4. e5 Nd5 5. d4
cxd4 6. Bc4 Nb6 7. Bb3 d5 8. exd6 Qxd6 9. O-O Be6 10. Bxe6 Qxe6 11. Nxd4 Nxd4
12. Qxd4 Rd8 13. Qe3 Qc6 14. Nd2 e6 15. Qg3 f6 16. Re1 Kf7 17. Nf3 h5 $146 ({RR
} 17... Bc5 18. Be3 Rhe8 19. Qh3 Bxe3 20. Rxe3 Nd5 21. Nd4 Qd7 22. Ree1 e5 23.
Qxd7+ Rxd7 24. Nf3 Red8 25. Rad1 g5 26. h3 h5 27. g3 Nb6 28. Rxd7+ Rxd7 29. Re2
Rd1+ 30. Kg2 Na4 31. Rc2 Ke6 32. g4 {
Sariego,W-Dvoirys,S/Polanica Zdroj 1989/EXT 97/0-1 (45)}) 18. Bf4 h4 19. Qg4 h3
$1 20. gxh3 Qc8 21. Kg2 (21. Bc7 Rd5 22. Bxb6 axb6 23. Rad1 $13) 21... Be7 22.
Be3 Nc4 23. Bxa7 Rh6 24. Kf1 f5 25. Qf4 Rxh3 26. Kg2 Rdh8 27. Qxc4 Rxh2+ 28.
Kg1 Rh1+ 29. Kg2 R1h2+ 30. Kg1 Rh1+ 31. Kg2 R8h2+ 32. Nxh2 Rxh2+ 33. Kxh2 Qxc4
34. Bd4 Bd6+ 35. Kg1 e5 36. Bxe5 Qg4+ 37. Kf1 Qh3+ 38. Kg1 f4 39. f3 Qg3+ 0-1

[Event "GBR-ch"]
[Site "Scarborough"]
[Date "2001.08.08"]
[Round "9"]
[White "Gormally, Daniel"]
[Black "Ward, Chris G"]
[Result "1/2-1/2"]
[WhiteElo "2481"]
[BlackElo "2493"]
[Annotator "Martin,A"]
[PlyCount "102"]
[EventDate "2001.07.30"]

1. d4 {Notes by IM Andrew Martin} 1... Nf6 2. Nf3 e6 3. c4 a6 4. Nc3 c5 5. e4
cxd4 6. Nxd4 Qc7 7. f4 ({RR} 7. Qe2 d6 8. g4 h6 9. Bg2 g5 10. h4 Rg8 11. hxg5
hxg5 12. Nf3 Nxg4 13. Nxg5 Ne5 14. f4 Nxc4 15. Rh7 Bg7 16. e5 dxe5 17. f5 e4
18. Ncxe4 Qa5+ 19. Kd1 Qd5+ 20. Ke1 Qa5+ 21. Kd1 Qd5+ 22. Ke1 {
1/2-1/2 Ehlvest,J-Movsesian,S/New York 1998/CBM 64/[Bangiev] (22)}) 7... Bb4 8.
Qf3 $146 ({RR} 8. Qd3 O-O 9. e5 Ne8 10. Be2 d6 11. exd6 Nxd6 12. Be3 Rd8 13.
Rd1 Nd7 14. O-O Nc5 15. Qc2 Bd7 16. Rc1 Bxc3 17. Qxc3 Nde4 18. Qc2 e5 19. Nb3
Ba4 20. Rf3 Rd7 21. Rh3 f5 22. Bxc5 Rd2 23. Qb1 Bxb3 24. Ba3 Qd7 25. Rd3 Rxd3
26. Qxd3 Qxd3 27. Bxd3 Bxa2 28. fxe5 Rc8 29. e6 g6 30. Bxe4 fxe4 31. e7 Bxc4
32. Rxc4 {1-0 Lacina,A-Muk,I/Klatovy 1999/EXT 2000 (32)}) ({RR} 8. e5 Ne4 9.
Qc2 ({RR} 9. Qf3 Nxc3 10. bxc3 Be7 11. Bd3 O-O 12. O-O d6 13. Qg3 g6 14. f5
exf5 15. Bf4 Rd8 16. Bxf5 Nc6 17. Bxc8 Raxc8 18. e6 Nxd4 19. exf7+ Kxf7 20.
cxd4 Kg8 21. c5 Qd7 22. Qb3+ d5 23. Rab1 Bf6 {
Aseeva,M-Son,I/Melitopol 1992/EXT 97/1-0 (59)}) 9... Nxc3 10. bxc3 Be7 11. Bd3
d6 12. O-O dxe5 13. fxe5 Nd7 14. Bf4 Nxe5 15. Bxh7 Bd6 16. g3 Ng4 17. Rae1 Bxf4
18. Rxf4 Nf6 19. Bd3 Bd7 20. Qe2 O-O-O 21. Qe5 Rh5 22. Qe2 Rdh8 {
Papaioannou,I-Ward,C/Thessaloniki 1996/EXT 98/0-1 (70)}) 8... d5 9. e5 Ne4 10.
Nc2 Bxc3+ 11. bxc3 O-O 12. Ba3 Rd8 13. Be2 b5 14. cxd5 exd5 15. Bb2 Nd7 16. Nd4
Ndc5 17. Rc1 f6 18. exf6 Nxf6 19. f5 Re8 20. O-O Bd7 21. Bd1 Qe5 22. Bb3 Qe3+ (
22... Nxb3 23. axb3 a5 $15) 23. Qxe3 Rxe3 24. Ba3 Nxb3 25. axb3 a5 $1 26. Rf3
Rxf3 27. gxf3 Re8 28. Kf2 Kf7 29. Ra1 Rc8 30. Bd6 a4 31. bxa4 bxa4 32. Rb1 Rxc3
33. Rb7 a3 34. Ra7 Rc4 35. Ke3 Ra4 36. Rxa4 Bxa4 37. Bxa3 Nh5 38. Ne2 Bd7 39.
Ng3 Nxg3 40. hxg3 Bxf5 41. Kf4 Bc2 42. Bb2 Bd1 43. g4 h6 44. Kg3 g6 45. f4 Ke6
46. Kh4 Kd6 47. Bd4 Ke6 48. Bb2 h5 49. gxh5 gxh5 50. Kg5 Bg4 51. f5+ Bxf5
1/2-1/2

[Event "GBR-ch"]
[Site "Scarborough"]
[Date "2001.08.08"]
[Round "9"]
[White "Pert, Richard"]
[Black "Hebden, Mark"]
[Result "0-1"]
[WhiteElo "2245"]
[BlackElo "2550"]
[Annotator "Martin,A"]
[PlyCount "66"]
[EventDate "2001.07.30"]

1. e4 {Notes by IM Andrew Martin} 1... e5 2. Nf3 Nc6 3. Bc4 Nf6 4. d3 Be7 5.
Nc3 d6 6. a3 ({RR} 6. O-O Na5 7. a3 Nxc4 8. dxc4 O-O 9. Qd3 c6 10. Bg5 Qc7 11.
Rad1 Be6 12. Bxf6 Bxf6 13. Qxd6 Qxd6 14. Rxd6 Bxc4 15. Rfd1 Be6 16. R6d3 Rfc8
17. Na4 b6 18. b3 Kf8 19. Nb2 Ke8 20. R3d2 Bg4 {
McAllan,I-Hebden,M/Chester 1979/MCD/1-0 (67)}) 6... O-O ({RR} 6... Bg4 7. h3
Bh5 8. Be3 Nd7 9. Nd5 Nb6 10. Nxb6 axb6 11. Qd2 Bxf3 12. gxf3 {
1/2-1/2 Bohm,H-Timman,J/Leeuwarden 1978/EXT 98 (12)}) 7. h3 Nd7 ({RR} 7... h6
8. Be3 Be6 9. Bd5 Bxd5 10. exd5 Nb8 11. g4 c6 12. dxc6 Nxc6 13. g5 hxg5 14.
Bxg5 d5 15. Rg1 Ne8 16. Bxe7 Nxe7 17. Qd2 Ng6 18. O-O-O d4 19. Ne4 Nf6 20. Rg5
Nxe4 21. dxe4 Qf6 22. Rf5 {
Gruskovnjak,T-Basagic,Z/Ljubljana 1999/EXT 2000/0-1 (47)}) 8. O-O $146 ({RR} 8.
Be3 Nb6 9. Ba2 Be6 10. Nd5 Nb8 11. Qd2 Bxd5 12. exd5 f5 13. Nxe5 dxe5 14. d6+
Kh8 15. dxe7 Qxe7 16. Qb4 Qe8 17. O-O-O f4 18. Bxb6 axb6 19. Rhe1 Nc6 20. Qe4
b5 21. c3 Ra4 22. d4 b4 23. cxb4 Ra8 24. dxe5 Qh5 25. e6 Rae8 26. Bb3 f3 27. g3
Qxh3 28. Rh1 Qf5 29. Qxf5 Rxf5 30. Bc2 Rf6 31. Rxh7+ Kg8 32. Rh5 g6 33. Rc5 Nd8
34. Rxc7 Nxe6 35. Bb3 Kf8 36. Rxb7 Ng5 37. Rh1 Nf7 38. Rxf7+ Rxf7 39. Rh8+ Ke7
40. Rxe8+ {1-0 Fernandes,A-Santos,C/Lisboa 1991/EXT 97 (40)}) 8... Nb6 9. Ba2
Kh8 10. Nd5 Nxd5 11. exd5 Nb8 12. d4 e4 13. Ne1 Nd7 14. f3 f5 15. fxe4 fxe4 16.
Rxf8+ Qxf8 17. c4 Nf6 18. Nc2 Qf7 19. Qe1 Qg6 $36 20. Kh2 Bd7 21. Be3 Rf8 22.
Qg3 Qh5 23. Kg1 Ng8 24. Bf4 g5 25. Bd2 g4 26. hxg4 Bxg4 27. Ne3 $138 Bh4 {
Hebden very much in his element.} 28. Qh2 Bf2+ 29. Kh1 Qg5 30. Nxg4 Qxg4 31.
Qh3 Qe2 32. Bh6 Nxh6 33. Qxh6 Rf5 0-1